000 00631nam a2200241Ia 4500
003 OSt
005 20220926004632.0
006 a|||||r|||| 00| 0
007 ta
008 220923b |||||||| |||| 00| 0 eng d
020 _a8171676367
037 _cGeneral Book
040 _aRTL
_cRTL
_beng
041 _2eng
_aeng
082 _aY:1.243.N9, P2.1-.2
100 _aTemple R C
245 0 _aLegends of the Punjab
260 _a New Delhi
_bRupa & Co.
_c2002
490 _vV1: iii, 685p
650 _aSociology
942 _hY:1.243.N9, P2.1-.2
_cGB
_2CC
999 _c611848
_d611848